[Event "10th Monarch Assurance"]
[Site "Port Erin IOM"]
[Date "2001.09.30"]
[Round "2"]
[White "Yakovich,Y"]
[Black "Flear,G"]
[Result "1/2-1/2"]
[WhiteElo "2577"]
[BlackElo "2489"]

1.c4 e6 2.d4 d5 3.Nc3 c6 4.e3 Nf6 5.Nf3 Nbd7 6.Bd3 dxc4 7.Bxc4 b5 8.Bd3 Bb7
9.O-O a6 10.e4 c5 11.d5 Qc7 12.dxe6 fxe6 13.Bc2 Be7 14.Ng5 Qc6 15.f4 h6 16.Nf3 O-O-O
17.Qe2 b4 18.e5 bxc3 19.exf6 Bxf6 20.bxc3 Nb6 21.Rb1 Nd5 22.Bd2 Bxc3 23.Rxb7 Kxb7
24.Bxc3 Nxc3 25.Qc4  1/2-1/2

[Event "Tatry Open"]
[Site "High Tatras SVK"]
[Date "2001.09.31"]
[Round "3"]
[White "Michenka,J"]
[Black "Mikita,J"]
[Result "1/2-1/2"]
[WhiteElo "2319"]
[BlackElo "2179"]

1.d4 d5 2.c4 c6 3.Nc3 Nf6 4.Nf3 e6 5.e3 Nbd7 6.Bd3 dxc4 7.Bxc4 b5 8.Bd3 Bb7
9.e4 b4 10.Na4 c5 11.e5 Nd5 12.dxc5 Qa5 13.O-O Nxc5 14.Nxc5 Bxc5 15.Qe2 h6
16.Bd2 Qb6 17.Rac1 Ke7 18.Qe4 Rac8 19.Qg4 Ba6 20.Ne1 g6 21.Bxh6 Kd7 22.Bg5 Rh5
23.Rd1 Be7 24.Bxa6 Qxa6 25.Rxd5+ Ke8 26.Bxe7 exd5 27.Bxb4 Rc4 28.Qe2 Rxh2
29.g3 Rh1+ 30.Kg2 Rh2+ 31.Kg1 Rh1+ 32.Kg2 Rh2+ 33.Kxh2 Rh4+ 34.gxh4 Qxe2
35.Rg1 Qe4 36.Bd6 Qxh4+ 37.Kg2 Qg4+ 38.Kf1 Qc4+ 39.Kg2 Qg4+  1/2-1/2

[Event "10th Monarch Assurance"]
[Site "Port Erin IOM"]
[Date "2001.10.01"]
[Round "3"]
[White "Flear,G"]
[Black "Galkin,A"]
[Result "1/2-1/2"]
[WhiteElo "2489"]
[BlackElo "2583"]

1.d4 d5 2.c4 e6 3.Nc3 c6 4.e3 Nf6 5.Nf3 Nbd7 6.Bd3 dxc4 7.Bxc4 b5 8.Bd3 Bb7
9.O-O a6 10.e4 c5 11.d5 c4 12.Bc2 Qc7 13.dxe6 fxe6 14.Qe2 Bd6 15.Nd4 Nc5
16.f4 e5 17.Ndxb5 axb5 18.Nxb5 Qb6 19.Nxd6+ Qxd6 20.fxe5 Qxe5 21.Rf5 Qe7
22.Qxc4 Rc8 23.Qb5+ Ncd7 24.Qxb7 Rxc2 25.Bg5 Qd6 26.Bxf6 gxf6 27.Qa8+ Qb8
28.Qxb8+ Nxb8 29.Rxf6 Rxb2 30.a4 Nd7 31.Rf2 Rb4 32.a5 Rxe4 33.a6 Ke7 34.a7 Ra8
35.h3 Ke8 36.Kh2 Re7 37.Rb2 Kf7 38.Rf2+ Ke6 39.Re2+ Ne5 40.Rae1 Kf6 41.Rf1+ Ke6
42.Rfe1  1/2-1/2

[Event "Chigorin Mem Open"]
[Site "St Petersburg RUS"]
[Date "2001.10.01"]
[Round "7"]
[White "Korotylev,A"]
[Black "Vitiugov,N"]
[Result "1/2-1/2"]
[WhiteElo "2577"]
[BlackElo "2382"]

1.d4 d5 2.c4 e6 3.Nc3 c6 4.e3 Nf6 5.Nf3 Nbd7 6.Bd3 dxc4 7.Bxc4 b5 8.Bd3 a6
9.e4 c5 10.d5 Bb7 11.O-O c4 12.Bc2 Qc7 13.dxe6 fxe6 14.Nd4 Nc5 15.Be3 O-O-O
16.Qe2 e5 17.Nf3 Nd3 18.Ng5 Rd7 19.Bxd3 Rxd3 20.Rfd1 h6 21.Ne6 Qd7 22.Nxf8 Rxf8
23.Bc5 Rd8 24.Bb6 Re8 25.Rxd3 cxd3 26.Qe3 b4 27.Qc5+  1/2-1/2

[Event "Chigorin Mem Open"]
[Site "St Petersburg RUS"]
[Date "2001.10.01"]
[Round "7"]
[White "Skatchkov,P"]
[Black "Utnasunov,A"]
[Result "1-0"]
[WhiteElo "2454"]
[BlackElo "2293"]

1.d4 d5 2.c4 c6 3.Nf3 Nf6 4.Nc3 e6 5.e3 Nbd7 6.Bd3 dxc4 7.Bxc4 b5 8.Bd3 Bd6
9.O-O O-O 10.Qc2 Bb7 11.a3 a6 12.Rd1 Qe7 13.e4 e5 14.h3 c5 15.d5 c4 16.Bf1 Nc5
17.Bg5 h6 18.Be3 Nb3 19.Rab1 Rfc8 20.Ne2 Bc5 21.Bxc5 Qxc5 22.Ng3 Nd4 23.Qc3 Nxf3+
24.Qxf3 Qf8 25.Nf5 Kh7 26.Rbc1 Rd8 27.b3 cxb3 28.Qxb3 Rac8 29.Qe3 g6 30.Qb6 Rxc1
31.Rxc1 Nxe4 32.Qxb7 gxf5 33.Qxa6 Rxd5 34.Bxb5 Rd2 35.Bd3 Qd8 36.Qc4 Kg7
37.Bxe4 Rd1+ 38.Rxd1 Qxd1+ 39.Qf1  1-0

[Event "Chigorin Mem Open"]
[Site "St Petersburg RUS"]
[Date "2001.10.01"]
[Round "7"]
[White "Bratchenko,A"]
[Black "Muratov,S"]
[Result "1-0"]
[WhiteElo "2384"]
[BlackElo "2303"]

1.d4 d5 2.c4 c6 3.Nf3 Nf6 4.Nc3 e6 5.e3 Nbd7 6.Qc2 Bd6 7.a3 O-O 8.Be2 a6
9.O-O b5 10.b3 Bb7 11.c5 Bc7 12.b4 e5 13.dxe5 Nxe5 14.h3 Nxf3+ 15.Bxf3 Qe7
16.Bb2 Nd7 17.Ne2 Ne5 18.Nd4 Bc8 19.Be2 Bd7 20.e4 dxe4 21.Qxe4 f5 22.Qc2 f4
23.Qc3 Rf6 24.Nf3 Re6 25.Rfe1 Re8 26.Kf1 Kh8 27.Rad1 Bc8 28.Nd4 Rh6 29.Bf3 Bd7
30.Nxb5 axb5 31.Rxe5 Bxe5 32.Qxe5 Qxe5 33.Bxe5 Rxe5 34.Rxd7 g5 35.Rd6 Ree6
36.Rd4 Kg7 37.Be4 Kf6 38.f3 Ke5 39.Rd7 Kf6 40.Kf2 Ke5 41.Bxh7 Re8 42.Be4 Ra8
43.Rd3 Ra6 44.Kg1 Rh8 45.Rd6 Rc8 46.Kh2 Rc7 47.Rg6 Kd4 48.Rxg5 Rxa3 49.h4 Ra8
50.Kh3 Kc3 51.Kg4 Rh8 52.h5 Kxb4 53.Kxf4 Kc3 54.g4 b4 55.Rg6 Rf8+ 56.Kg5 b3
57.h6 b2 58.Rg7 Rcf7 59.Rxf7 Rxf7 60.h7 Rf8 61.Kg6 Re8 62.Bf5 Rf8 63.Bb1  1-0

[Event "Tatry Open"]
[Site "High Tatras SVK"]
[Date "2001.10.02"]
[Round "5"]
[White "Michenka,J"]
[Black "Turna,D"]
[Result "1-0"]
[WhiteElo "2319"]
[BlackElo "2157"]

1.d4 d5 2.c4 c6 3.Nc3 Nf6 4.Nf3 e6 5.e3 Nbd7 6.Qc2 Bd6 7.b3 Qe7 8.Bd3 b6
9.O-O O-O 10.e4 e5 11.exd5 cxd5 12.Nxd5 Nxd5 13.cxd5 h6 14.Re1 Bb7 15.dxe5 Nxe5
16.Nxe5 Bxe5 17.Bb2  1-0

[Event "TCh-BUL"]
[Site "Pamporovo BUL"]
[Date "2001.10.03"]
[Round "1"]
[White "Jovchev,A"]
[Black "Ilchev,D"]
[Result "1-0"]
[WhiteElo "2239"]
[BlackElo "2028"]

1.d4 d5 2.c4 c6 3.Nc3 Nf6 4.e3 e6 5.Nf3 Nbd7 6.Qc2 Bd6 7.Bd3 O-O 8.O-O h6
9.b3 b6 10.Bb2 Bb7 11.e4 dxe4 12.Nxe4 Nxe4 13.Bxe4 Qc7 14.Rad1 Rad8 15.Qe2 Rfe8
16.Bb1 Nf8 17.Qc2 Be7 18.c5 Bf6 19.Ba3 g6 20.Bc1 Bg7 21.Rfe1 Nd7 22.h4 Nf6
23.b4 Bc8 24.Ne5 Bd7 25.h5 g5 26.Re3 Re7 27.Rf3 Kf8 28.Rc3 b5 29.f4 Nd5 30.Rg3 f6
31.Ng6+ Kf7 32.Qf2 gxf4 33.Nxf4 Rg8 34.Nxd5 exd5 35.Bg6+ Kf8 36.Bxh6 Re6
37.Bf4 Qd8 38.Re1 Rxe1+ 39.Qxe1 f5 40.Bd6+  1-0

[Event "Chigorin Mem Open"]
[Site "St Petersburg RUS"]
[Date "2001.10.03"]
[Round "9"]
[White "Poluljahov,A"]
[Black "Utnasunov,A"]
[Result "1-0"]
[WhiteElo "2532"]
[BlackElo "2293"]

1.d4 d5 2.c4 c6 3.Nc3 Nf6 4.Nf3 e6 5.e3 Nbd7 6.Bd2 Bd6 7.Bd3 dxc4 8.Bxc4 b5
9.Bd3 O-O 10.O-O a6 11.Ne4 Nxe4 12.Bxe4 Bb7 13.Rc1 Rc8 14.b4 Qe7 15.Qb3 e5
16.Qb1 Nf6 17.Bf5 e4 18.Ng5 Rce8 19.f3 exf3 20.Bxh7+ Kh8 21.Rxf3 g6 22.Bxg6 fxg6
23.Qxg6 Qg7 24.Rxf6 Rxf6 25.Qxe8+  1-0

[Event "Bundesliga 2001-2"]
[Site "Werder Bremen GER"]
[Date "2001.10.07"]
[Round "2"]
[White "Lamprecht,F"]
[Black "Khenkin,I"]
[Result "1/2-1/2"]
[WhiteElo "2399"]
[BlackElo "2579"]

1.d4 d5 2.c4 e6 3.Nc3 c6 4.e3 Nf6 5.Nf3 Nbd7 6.Qc2 Bd6 7.Be2 O-O 8.O-O Re8
9.Rd1 Qe7 10.b3 b6 11.e4 Nxe4 12.Nxe4 dxe4 13.Qxe4 Bb7 14.Bf4 Ba3 15.Ne5 Nxe5
16.dxe5 Bb2 17.Rab1 c5 18.Qe3 Bd4 19.Qh3 Rad8 20.Bd3 f5 21.exf6 gxf6 22.Qg4+ Kh8
23.Bg3 Rg8 24.Qe2 e5 25.Be4 Bc8 26.Kf1 Rg7 27.Bd5 Bg4 28.f3 Be6 29.Bxe6 Qxe6
30.Rd2 Rdg8 31.Rbd1 Qf5 32.Qe4 Qxe4 33.fxe4 Rg4 34.Re2 h5 35.Rd3 h4 36.Be1 Rf4+
37.Bf2 Rgg4 38.Rf3 Rxe4 39.Rxe4 Rxe4 40.Rxf6 Kg7 41.Rf3 Bxf2 42.Kxf2 a5 43.g3 Rd4
44.Ke2 a4 45.Rf5 hxg3 46.hxg3 e4 47.Ke3 axb3  1/2-1/2

[Event "FSIMB October"]
[Site "Budapest HUN"]
[Date "2001.10.08"]
[Round "3"]
[White "Farago,S"]
[Black "Pataki,G"]
[Result "1/2-1/2"]
[WhiteElo "2323"]
[BlackElo "2344"]

1.d4 d5 2.c4 e6 3.Nc3 Nf6 4.Nf3 c6 5.e3 Nbd7 6.Bd3 dxc4 7.Bxc4 b5 8.Bd3 Bb7
9.O-O b4 10.Ne2 c5 11.Ng3 cxd4 12.exd4 Be7 13.Re1 O-O 14.Ne5 Rc8 15.Bf4 Nb6
16.Nh5 Nbd5 17.Nxf6+ Bxf6 18.Bg3 g6 19.Qe2 Qe7 20.Rad1 Rfd8 21.Bb5 Bg5 22.Nd3 a6
23.Ba4 Nb6 24.Bb3 Rxd4 25.Ne5 Rxd1 26.Rxd1 Nd5 27.Bc4 a5 28.h3 Qc5 29.Qg4 Qe7
30.h4 Bh6 31.b3 Nf6 32.Qd4 Bd5 33.Bf4 Bg7 34.Qe3 Qb7 35.f3 a4 36.Bh6 Bh8
37.Bg5 axb3 38.axb3 Bg7 39.Bh6 Qc7 40.Bxg7 Kxg7 41.Kh1 Qc5 42.Qf4 Bxc4 43.bxc4 Rc7
44.g4 Qf2 45.Qh2 Qxh2+ 46.Kxh2 Rc5 47.f4 h5 48.Rb1 Nxg4+ 49.Nxg4 hxg4 50.Rxb4 e5
51.Kg3 exf4+ 52.Kxf4 f5 53.Kg5 Rc7 54.Rb6 Rxc4 55.Rxg6+ Kh7 56.Rh6+ Kg7 57.Rg6+ Kh7  1/2-1/2

[Event "TCh-RUS Siberian Zone"]
[Site "Omsk RUS"]
[Date "2001.10.09"]
[Round "5"]
[White "Manujlov,A"]
[Black "Pridorozhni,A"]
[Result "0-1"]
[WhiteElo "2260"]
[BlackElo "2410"]

1.d4 d5 2.Nf3 c6 3.c4 Nf6 4.Nc3 e6 5.e3 Nbd7 6.Bd3 dxc4 7.Bxc4 b5 8.Bd3 Bb7
9.O-O a6 10.e4 c5 11.d5 e5 12.b3 h6 13.a4 b4 14.Ne2 Bd6 15.Ng3 g6 16.Nd2 h5
17.Nc4 Qc7 18.Nxd6+ Qxd6 19.Re1 O-O-O 20.Nf1 Ne8 21.Ne3 Kb8 22.Nc4 Qc7 23.f4 exf4
24.d6 Nxd6 25.Bxf4 Nf6 26.Nxd6 Rxd6 27.Qf3 g5 28.Bxd6 Qxd6 29.Rad1 Ng4 30.Qg3 Qxg3
31.hxg3 Ne5 32.Bc2 h4 33.gxh4 gxh4 34.Re3 Rg8 35.Rf1 Bc8 36.Kh1 Be6 37.Rd1 Kc7
38.Rc1 Kb6 39.Rd1 Kc6 40.Rc1 Rd8 41.Re2 a5 42.Kg1 Rg8 43.Re3 h3 44.g3 Rd8
45.Rd1 Rd4 46.Re2 Bg4 47.Rxd4 cxd4 48.Rf2 d3 49.Bxd3 Nxd3 50.Rxf7 Nc5 51.Rf6+ Kd7
52.Rf7+ Kd6 53.Rg7 Be6  0-1

[Event "1st Chess Week"]
[Site "Winterthur SUI"]
[Date "2001.10.09"]
[Round "5"]
[White "Nemet,I"]
[Black "Vismara,D"]
[Result "1-0"]
[WhiteElo "2427"]
[BlackElo "2365"]

1.d4 d5 2.Nf3 c6 3.c4 Nf6 4.e3 e6 5.Nc3 Nbd7 6.Qc2 Bd6 7.Bd3 O-O 8.O-O dxc4
9.Bxc4 a6 10.a4 c5 11.Ne2 Qc7 12.e4 cxd4 13.Nexd4 Nb6 14.Bd3 e5 15.Ne2 Qxc2
16.Bxc2 Bg4 17.Nc3 Rac8 18.Bb3 Bxf3 19.gxf3 Bb4 20.Na2 Bc5 21.a5 Nbd7 22.Nc3 Bd4
23.Nd5 Nxd5 24.Bxd5 Rc7 25.Ra4 Nf6 26.Bc4 Rfc8 27.b3 Nh5 28.Rd1 Rd8 29.Kf1 Rd6
30.Bd5 Rc2 31.Rc4 Rxc4 32.bxc4 Rd7 33.Be3 Bxe3 34.fxe3 Nf6 35.Ke2 Kf8 36.Rb1 Nxd5
37.exd5 Ke7 38.Rb6 f5 39.e4 fxe4 40.fxe4 Kd8 41.Kd3 Rf7 42.c5 Kc8 43.Re6 Rf3+
44.Kc4 Rh3 45.Rxe5 Rxh2 46.Re7 g5 47.d6 g4 48.Rg7 h5 49.e5 Re2 50.Kd5 Kb8
51.e6 Rd2+ 52.Kc4  1-0

[Event "5th Russian Cup Final"]
[Site "Kazan RUS"]
[Date "2001.10.10"]
[Round "9"]
[White "Yevseev,D"]
[Black "Filippov,V"]
[Result "0-1"]
[WhiteElo "2541"]
[BlackElo "2617"]

1.d4 d5 2.c4 e6 3.Nf3 c6 4.Nc3 Nf6 5.e3 Nbd7 6.Bd3 dxc4 7.Bxc4 b5 8.Bd3 a6
9.e4 c5 10.d5 Qc7 11.O-O Bb7 12.dxe6 fxe6 13.Bc2 Bd6 14.Ng5 Nf8 15.f4 O-O-O
16.Qe2 h6 17.Nf3 Bxf4 18.Bxf4 Qxf4 19.g3 Qc7 20.e5 Nd5 21.Ne4 Kb8 22.Nd6 c4
23.a4 Nd7 24.axb5 Qb6+ 25.Qf2 axb5 26.Qxb6 N7xb6 27.Nxb7 Kxb7 28.Nd4 Nc7
29.Be4+ Nbd5 30.Rf7 Kb6 31.Rxg7 b4 32.Bf3 Rhf8 33.Bh5 Nf4 34.gxf4 Rxd4 35.Ra4 Rdxf4
36.Rxb4+ Kc5 37.Rb7 Rf1+ 38.Kg2 Nd5 39.Rgf7 Ne3+ 40.Kh3 Kd4 41.Rxf8 Rxf8
42.Rh7 Rf2 43.Rxh6 Kxe5 44.Rh8 Rxb2 45.Rc8 Nf1 46.Bf7 Rxh2+ 47.Kg4 Rd2 48.Kf3 Rd6
49.Kf2 Nd2 50.Ke2 Kf6 51.Bg8 Ke7 52.Rc5 Kd7 53.Ke3  0-1

[Event "FSGM October"]
[Site "Budapest HUN"]
[Date "2001.10.12"]
[Round "7"]
[White "Hoang Thanh Trang"]
[Black "Todorovic,GM"]
[Result "1-0"]
[WhiteElo "2439"]
[BlackElo "2517"]

1.d4 d5 2.c4 e6 3.Nc3 c6 4.e3 Nf6 5.Nf3 Nbd7 6.Bd3 dxc4 7.Bxc4 b5 8.Be2 b4
9.Na4 Bb7 10.O-O Be7 11.a3 a5 12.Bd2 O-O 13.Qb3 c5 14.dxc5 Bd5 15.Qc2 b3
16.Qd1 Nxc5 17.Nxc5 Bxc5 18.Bc3 Qb6 19.Rc1 Rfd8 20.Bd4 Bxd4 21.Qxd4 Qxd4
22.Nxd4 e5 23.Nb5 Be4 24.Rfd1 Bc2 25.Rxd8+ Rxd8 26.Kf1 Ne4 27.Ke1 Nc5 28.Nc3 Kf8
29.a4 g5 30.Bb5 Rd6 31.Nb1 Rh6 32.Na3 Nd3+ 33.Bxd3 Bxd3 34.Rc3 e4 35.h3 g4
36.hxg4 Rh1+ 37.Kd2 Rf1 38.Rxb3 Rxf2+ 39.Kc3 Re2 40.Rb8+ Kg7 41.Ra8 Rxe3
42.Rxa5 Rg3 43.Nc4 Bb1+ 44.Kd4 Rxg2 45.Rg5+ Kf6 46.Rf5+ Ke6 47.a5 Rxg4 48.Re5+ Kd7
49.a6 e3+ 50.Kc5 Rg6 51.a7 Rc6+ 52.Kb5  1-0

[Event "FSGM October"]
[Site "Budapest HUN"]
[Date "2001.10.12"]
[Round "7"]
[White "Husari,Sa"]
[Black "Jakab,A"]
[Result "1/2-1/2"]
[WhiteElo "2369"]
[BlackElo "2369"]

1.d4 d5 2.c4 e6 3.Nc3 c6 4.Nf3 Nf6 5.e3 Bd6 6.Bd3 Nbd7 7.O-O O-O 8.e4 dxe4
9.Nxe4 Nxe4 10.Bxe4 c5 11.Be3 Qc7 12.h3 h6 13.Rc1 Rd8 14.Qe2 Nf6 15.Bb1 b6
16.a3 a5 17.dxc5 bxc5 18.Bd2 Bb7 19.Bc3 Nh5 20.Be4 Nf4 21.Qc2 f5 22.Bxb7 Qxb7
23.Ne1 Qe4 24.Qxe4 fxe4 25.Rc2 Bc7 26.h4 Rd1 27.g3 Nh5 28.Re2 Rf8 29.Re3 a4
30.Kg2 Rc1 31.Rg1 Rxc3 32.bxc3 Nf6 33.f3 Rb8 34.Rf1 Rb3 35.Nc2 h5 36.Rd1 Rb2
37.Re2 Rb3 38.Re3 Rb2 39.Rd2 exf3+ 40.Kxf3 e5 41.Kg2 e4 42.Rde2 Rb3 43.Rd2 Ba5
44.Rd6 Ng4 45.Rxe4 Rxc3 46.Rd2 Bc7 47.Rde2 Rxg3+ 48.Kf1 Rf3+ 49.Kg2 Rg3+
50.Kf1 Rf3+ 51.Kg2 Rg3+ 52.Kf1 Rf3+ 53.Kg2  1/2-1/2

[Event "1st Chess Week"]
[Site "Winterthur SUI"]
[Date "2001.10.12"]
[Round "8"]
[White "Vismara,D"]
[Black "Bucher,M"]
[Result "1-0"]
[WhiteElo "2365"]
[BlackElo "2169"]

1.Nf3 d5 2.d4 e6 3.c4 Nf6 4.Nc3 c6 5.e3 Nbd7 6.Qc2 Be7 7.Be2 O-O 8.O-O Re8
9.Rd1 Bf8 10.e4 Nxe4 11.Nxe4 dxe4 12.Qxe4 h6 13.Ne5 Nf6 14.Qh4 Qe7 15.Rd3 Rd8
16.Bxh6 gxh6 17.Rg3+ Kh8 18.Rd1 c5 19.Bh5 Nxh5 20.Qxh5 Rd7 21.Rdd3 Qd6 22.Qg4  1-0

[Event "World Teams"]
[Site "Yerevan ARM"]
[Date "2001.10.12"]
[Round "1"]
[White "Safin,S"]
[Black "Vera,R"]
[Result "1/2-1/2"]
[WhiteElo "2538"]
[BlackElo "2557"]

1.d4 d5 2.c4 e6 3.Nf3 Nf6 4.Nc3 c6 5.e3 Nbd7 6.Qc2 Bd6 7.Bd3 O-O 8.O-O dxc4
9.Bxc4 b5 10.Be2 Bb7 11.Rd1 Qe7 12.a3 Rfc8 13.e4 e5 14.Bg5 Re8 15.h3 Rad8
16.d5 a6 17.dxc6 Bxc6 18.Nh4 g6 19.Nf3 Nc5  1/2-1/2

[Event "5th Itau Cup"]
[Site "Sao Paulo BRA"]
[Date "2001.10.15"]
[Round "3"]
[White "Soppe,G"]
[Black "Santos,MVM"]
[Result "1/2-1/2"]
[WhiteElo "2466"]
[BlackElo "2254"]

1.d4 d5 2.c4 c6 3.e3 Nf6 4.Nc3 e6 5.Nf3 Nbd7 6.Bd3 dxc4 7.Bxc4 b5 8.Bb3 Bb7
9.O-O b4 10.Na4 c5 11.Bd2 cxd4 12.Nxd4 Be7 13.Rc1 Rc8 14.Qe2 O-O 15.Qb5 Rxc1
16.Rxc1 Qa8 17.f3 a6 18.Qe2 Rc8 19.Ra1 a5 20.Qb5 Qa6 21.Qxa6 Bxa6 22.Be1 Kf8
23.Bg3 g6 24.e4 Ke8 25.Nc2 Bb5 26.Nd4 Ba6  1/2-1/2

[Event "YM"]
[Site "Zug SUI"]
[Date "2001.10.15"]
[Round "7"]
[White "Lopez Martinez,J"]
[Black "Fressinet,L"]
[Result "0-1"]
[WhiteElo "2474"]
[BlackElo "2588"]

1.d4 d5 2.c4 c6 3.Nc3 Nf6 4.e3 e6 5.Nf3 Nbd7 6.Bd3 dxc4 7.Bxc4 b5 8.Be2 Bb7
9.O-O a6 10.e4 c5 11.e5 Nd5 12.a4 b4 13.Ne4 Qb8 14.Re1 h6 15.Nfd2 cxd4 16.Nc4 Nxe5
17.Qxd4 Nc6 18.Qd3 Be7 19.Be3 O-O 20.Nc5 Bc8 21.Bf3 Rd8 22.Rac1 Ra7 23.Qe4 Rc7
24.Nb3 Bb7 25.Bc5 Ba8 26.Ne5 Nxe5 27.Qxe5 Bf6 28.Qg3 Bxb2 29.Rc4 Rdd7 30.Qg4 Nf6
31.Qh3 Bxf3  0-1

[Event "World Seniors"]
[Site "Arco ITA"]
[Date "2001.10.17"]
[Round "1"]
[White "Hecht,HJ"]
[Black "Jahr,D"]
[Result "1-0"]
[WhiteElo "2418"]
[BlackElo "2051"]

1.d4 d5 2.c4 e6 3.Nf3 Nf6 4.Nc3 c6 5.e3 Nbd7 6.Bd3 Bd6 7.O-O O-O 8.e4 dxe4
9.Nxe4 Nxe4 10.Bxe4 Nf6 11.Bc2 h6 12.Qe2 b6 13.Ne5 Qc7 14.Bf4 Bb7 15.c5 Bxe5
16.Bxe5 Qd8 17.Rad1 a5 18.Rfe1 Nd5 19.Rd3 Nb4 20.Rg3 f6 21.Bd6 Nxc2 22.Qxc2 Rf7
23.Rxe6 bxc5 24.dxc5 Bc8 25.Re1 Ba6 26.Rge3 Qd7 27.h3 f5 28.Re7 Qc8 29.Qb3 Qf8
30.Rc7 a4 31.Qxa4 Rxc7 32.Bxf8 Kxf8 33.Qf4 Rf7 34.Qd6+ Kg8 35.Qxc6 Raa7 36.Re8+ Kh7
37.Ra8 Bb7 38.Rxa7  1-0

[Event "Sportland NRW Cup"]
[Site "Senden GER"]
[Date "2001.10.17"]
[Round "5"]
[White "Jakobsen,O"]
[Black "Khenkin,I"]
[Result "0-1"]
[WhiteElo "2425"]
[BlackElo "2572"]

1.d4 d5 2.c4 c6 3.Nc3 e6 4.e3 Nf6 5.Nf3 Nbd7 6.Bd3 dxc4 7.Bxc4 b5 8.Bd3 Bb7
9.O-O a6 10.a4 b4 11.Nb1 c5 12.Nbd2 Be7 13.a5 Qc7 14.Qe2 O-O 15.Rd1 Rfd8
16.Nc4 Be4 17.b3 cxd4 18.exd4 Bxd3 19.Rxd3 Nd5 20.Bd2 Nf8 21.g3 Rac8 22.Rc1 Qb7
23.Be1 Qb5 24.Rdd1 Nc3 25.Bxc3 bxc3 26.Rxc3 Bb4 27.Re3 Bxa5 28.Qa2 Bb4 29.Ra1 Ra8
30.Qa4 Ng6 31.Nfe5 Ne7 32.Nf3 Nd5 33.Rd3 Nc3 34.Qxb5 axb5 35.Rxa8 Rxa8 36.Ne3 f6
37.Nc2 Nd5 38.Nxb4 Nxb4 39.Rc3 Nd5 40.Rc2 Ra1+ 41.Kg2 Rd1 42.Rc5 b4 43.Rc2 Rd3
44.Rb2 g5 45.h3 h5 46.Nd2 Rxd4 47.Nc4 Rd3 48.Na5 h4 49.Re2 Kf7 50.Re1 e5
51.Re4 Kg6 52.Kh2 hxg3+ 53.fxg3 Rd2+ 54.Kg1 Kf5 55.Re1 Rd3 56.Kf2 Nc3 57.Rf1 Ke4
58.Kg2 Nd5 59.Rf2 Ne3+ 60.Kh2 f5 61.Rb2 Kf3 62.Nc6 Rd5 63.Nxb4 Rd1 64.Nc6 Nf1+  0-1

[Event "World Teams"]
[Site "Yerevan ARM"]
[Date "2001.10.17"]
[Round "6"]
[White "Akopian,V"]
[Black "Dominguez,L"]
[Result "1/2-1/2"]
[WhiteElo "2660"]
[BlackElo "2596"]

1.d4 d5 2.c4 c6 3.Nc3 Nf6 4.e3 e6 5.Nf3 Nbd7 6.Bd3 dxc4 7.Bxc4 b5 8.Bd3 Bb7
9.O-O b4 10.Ne4 Nxe4 11.Bxe4 Bd6 12.Nd2 Qc7 13.h3 c5 14.Bxb7 Qxb7 15.Nc4 Be7
16.b3 O-O 17.Bb2 Bf6 18.Qg4 cxd4 19.Bxd4 Bxd4 20.Qxd4 Nf6 21.Nd6 Qe7 22.e4 Rad8
23.e5 Nd5 24.Rfe1 f6 25.Nc4 fxe5 26.Qxe5 Nf4 27.Rad1 Qh4 28.Rxd8 Nxh3+ 29.gxh3 Qxf2+
30.Kh1  1/2-1/2

[Event "TCh-SLO"]
[Site "Bled SLO"]
[Date "2001.10.18"]
[Round "1"]
[White "Tratar,M"]
[Black "Mazi,L"]
[Result "1-0"]
[WhiteElo "2405"]
[BlackElo "2373"]

1.d4 Nf6 2.Nf3 e6 3.c4 d5 4.Nc3 c6 5.e3 Be7 6.Bd3 dxc4 7.Bxc4 b5 8.Bd3 a6
9.e4 c5 10.dxc5 Bxc5 11.e5 Nd5 12.Be4 Bb7 13.Nxd5 exd5 14.Bc2 Nc6 15.O-O Qb6
16.a3 Rd8 17.Bg5 Be7 18.Bxe7 Nxe7 19.Nd4 O-O 20.Qd3 Ng6 21.f4 Rfe8 22.Rad1 Rc8
23.Bb3 Rc7 24.Qe3 Rd7 25.Qf2 Red8 26.Rfe1 Re8 27.h4 Rdd8 28.h5 Nf8 29.Nf5 Qxf2+
30.Kxf2 Ne6 31.Nd6 Re7 32.g3 d4 33.Bxe6 fxe6 34.Rxd4 Rc7 35.Ke3 Bd5 36.Rd2 Rb8
37.b4 Rc3+ 38.Rd3 Rc2 39.Rd2 Rc3+ 40.Rd3 Rc2 41.h6 gxh6 42.Ne4 Kg7 43.Nf6 Bc4
44.Rd7+ Kg6 45.g4 Rc3+ 46.Ke4 Rc8 47.f5+ Kg5 48.Rg7+ Kh4 49.Kf4 Bd5 50.Nxd5 R8c4+
51.Re4 exd5 52.Rxc4 Rxc4+ 53.Kf3 Re4 54.e6 h5 55.e7  1-0

[Event "World Teams"]
[Site "Yerevan ARM"]
[Date "2001.10.18"]
[Round "7"]
[White "Kasimdzhanov,R"]
[Black "Akopian,V"]
[Result "1/2-1/2"]
[WhiteElo "2706"]
[BlackElo "2660"]

1.d4 d5 2.c4 c6 3.Nf3 Nf6 4.Nc3 e6 5.e3 Nbd7 6.Bd3 dxc4 7.Bxc4 b5 8.Bd3 Bb7
9.O-O b4 10.Ne4 Be7 11.Nxf6+ Nxf6 12.e4 O-O 13.Qe2 c5 14.dxc5 Nd7 15.c6 Bxc6
16.Be3 Bb7 17.Rfc1 Bd6 18.h3 Ne5 19.Nxe5 Bxe5 20.Bc5 Bd6 21.Qe3 Bxc5 22.Rxc5 Qb6
23.Rac1 Rfd8 24.Be2 h6 25.Qf4 Qd6 26.Qxd6 Rxd6 27.Bf3 Rd4 28.R1c4 Rad8 29.Rc7 Rxc4
30.Rxc4 a5 31.Rc7 Rb8 32.b3 g6 33.Rc5 Ra8 34.Rb5 Ra7 35.Rb6 Ba6 36.Rd6 Kf8
37.e5 Ke7 38.Bc6 g5 39.Ba4  1/2-1/2

[Event "TCh-SLO"]
[Site "Bled SLO"]
[Date "2001.10.19"]
[Round "2"]
[White "Farago,I"]
[Black "Pavasovic,D"]
[Result "1/2-1/2"]
[WhiteElo "2527"]
[BlackElo "2526"]

1.d4 d5 2.c4 e6 3.Nc3 c6 4.e3 Nf6 5.Nf3 Nbd7 6.Qc2 Bd6 7.Bd3 O-O 8.O-O dxc4
9.Bxc4 a6 10.Rd1 c5 11.dxc5 Bxc5 12.Bd3 h6 13.b3 b5 14.Ne4 Be7 15.Bb2 Bb7
16.Ne5 Rc8 17.Qe2 Nxe5 18.Bxe5 Nxe4 19.Bxe4 Bxe4 20.Rxd8 Rfxd8 21.h4 Rd5
22.Bd4 e5 23.Bb6 Rc6 24.Ba7 Rc7 25.Bb6 Rc6 26.Ba7 Rc7  1/2-1/2

[Event "TCh-SLO"]
[Site "Bled SLO"]
[Date "2001.10.19"]
[Round "2"]
[White "Tukmakov,V"]
[Black "Sveshnikov,E"]
[Result "1/2-1/2"]
[WhiteElo "2572"]
[BlackElo "2556"]

1.d4 d5 2.c4 e6 3.Nf3 Nf6 4.Nc3 c6 5.e3 Nbd7 6.Qc2 Bd6 7.Bd3 O-O 8.O-O dxc4
9.Bxc4 b5 10.Be2 Bb7 11.Rd1 Qc7 12.e4 e5 13.g3 Rfe8 14.dxe5 Nxe5 15.Nd4 Bc5
16.Nb3 Bb6 17.Bf4 Qc8 18.Kg2 b4 19.Na4 Nxe4 20.Nac5 Nxc5 21.Nxc5 Bxc5 22.Qxc5 Nd7
23.Rxd7 Qxd7 24.Bf3 Qd8 25.Rd1 Qb6 26.Qxb6 axb6 27.Rd7 Bc8 28.Rc7 Bf5 29.Bxc6 Be4+
30.Bxe4 Rxe4 31.Kf3 Re6 32.Rc4 Kf8 33.Rxb4 Rxa2 34.Be3 Ra6 35.Rc4 Ra8 36.Rc7 Rd8
37.g4 Rd3 38.b4 Rb3 39.Rc4 Ke8 40.g5 Re5 41.h4 Rb5 42.Rc8+ Ke7 43.Rh8 g6
44.Rxh7 Ke6 45.Ke2 R3xb4 46.h5 Rb2+ 47.Kf1 Rb1+ 48.Ke2 R1b2+ 49.Kf1 Rd5 50.Rh6 Kf5
51.Rh7 Kg4 52.Rxf7 Kxh5 53.Kg2 Rf5 54.Rb7 Kg4 55.Rxb6 Rxb6 56.Bxb6 Rxg5 57.Be3 Rf5
58.Bd2 Rf7 59.Be3 Rf3 60.Bd2 Rd3 61.Be3 Kh4 62.Bb6 g5 63.Bc7 Kg4 64.Bg3 Kf5
65.Kh3 Rb3 66.Kg2 Ke4 67.Bd6 Rb6 68.Bg3 Rb3 69.Bd6 Rc3 70.Bg3 Rc4 71.Bd6 Rc6
72.Bg3 Rf6 73.Bc7 Rf7 74.Bg3 Rf4 75.Bxf4 gxf4 76.Kf1 Kd3 77.Ke1 f3 78.Kd1 Kc3  1/2-1/2

[Event "World Teams"]
[Site "Yerevan ARM"]
[Date "2001.10.19"]
[Round "8"]
[White "Jussupow,A"]
[Black "Dominguez,L"]
[Result "1-0"]
[WhiteElo "2633"]
[BlackElo "2596"]

1.d4 d5 2.c4 c6 3.e3 Nf6 4.Nc3 e6 5.Nf3 Nbd7 6.Bd3 dxc4 7.Bxc4 b5 8.Bd3 Bb7
9.e4 b4 10.Na4 c5 11.e5 Nd5 12.O-O cxd4 13.Re1 g6 14.Bg5 Qa5 15.Nd2 Ba6 16.Nc4 Bxc4
17.Bxc4 Bg7 18.Qxd4 Qxa4 19.Bxd5 exd5 20.Qxd5 Nb6 21.Qd6 Qd7 22.Qxb4 Bf8
23.Qc3 Qe6 24.Bf6 Rg8 25.Rad1 Be7 26.Rd6 Qc8 27.Rc6 Qd8 28.Rc7 Nd5 29.Qc6+ Kf8
30.Rd7 Qe8 31.Qxd5 Bxf6 32.Rxf7+  1-0

[Event "4th Golden Autumn"]
[Site "Alushta UKR"]
[Date "2001.10.20"]
[Round "?"]
[White "Alexandrova,O"]
[Black "Bets,A"]
[Result "1-0"]
[WhiteElo "2387"]
[BlackElo "2376"]

1.d4 d5 2.c4 c6 3.Nc3 Nf6 4.e3 e6 5.Nf3 Nbd7 6.Bd3 dxc4 7.Bxc4 b5 8.Bd3 a6
9.e4 c5 10.e5 cxd4 11.Nxb5 Nxe5 12.Nxe5 axb5 13.O-O Qd5 14.Qe2 Ba6 15.Bg5 Be7
16.f4 O-O 17.Rf3 Bb7 18.Rg3 Rxa2 19.Re1 g6 20.h4 Qb3 21.Rb1 Nd5 22.Qh5 Bxg5
23.Nxg6 fxg6 24.Bxg6 Nf6 25.Bxh7+ Nxh7 26.Rxb3 Bxf4 27.Rxb5 Be4 28.Re1 Bf5
29.Rxf5 Rxf5 30.Qg6+ Kh8 31.Qxe6 Raa5 32.b4 Rae5 33.Rxe5 Rxe5 34.Qc8+ Kg7
35.Qg4+ Bg5 36.hxg5 Nxg5 37.Qxd4 Kf6 38.b5 Ne6 39.Qh4+ Kf7 40.b6 Rb5 41.b7 Rxb7
42.Qh5+  1-0

[Event "4th Golden Autumn"]
[Site "Alushta UKR"]
[Date "2001.10.20"]
[Round "?"]
[White "Alexandrova,O"]
[Black "Belikov,V"]
[Result "1/2-1/2"]
[WhiteElo "2387"]
[BlackElo "2488"]

1.d4 d5 2.c4 c6 3.Nc3 Nf6 4.Nf3 e6 5.e3 Nbd7 6.Bd3 dxc4 7.Bxc4 b5 8.Bd3 Bb7
9.e4 b4 10.Na4 c5 11.e5 Nd5 12.Nxc5 Nxc5 13.dxc5 Bxc5 14.O-O h6 15.Qe2 Qb6
16.Bd2 Ke7 17.Rac1 Rhd8 18.Qe4 Rac8 19.Qh7 Rh8 20.Qe4 Rhd8 21.Qh7 Rh8 22.Qe4  1/2-1/2

[Event "Essent Open"]
[Site "Hoogeveen NED"]
[Date "2001.10.20"]
[Round "9"]
[White "Riazantsev,A"]
[Black "Gurevich,M"]
[Result "1/2-1/2"]
[WhiteElo "2500"]
[BlackElo "2605"]

1.d4 d5 2.c4 c6 3.Nf3 Nf6 4.Nc3 e6 5.e3 Nbd7 6.Qc2 Bd6 7.b3 O-O 8.Be2 dxc4
9.bxc4 e5 10.O-O Re8 11.Rb1 exd4 12.exd4 Nf8 13.Rd1 Rb8 14.h3 Bd7 15.Ne5 Qe7
16.Nxd7 N8xd7 17.Bf1 Nf8 18.a4 Ne6 19.Be3 c5 20.dxc5 Bxc5 21.Nd5 Qd8 22.Bxc5 Nxc5
23.Qf5  1/2-1/2

[Event "TCh-CZE 2001-2"]
[Site "CZE"]
[Date "2001.10.21"]
[Round "2"]
[White "Konopka,M"]
[Black "Jirovsky,M"]
[Result "1-0"]
[WhiteElo "2476"]
[BlackElo "2447"]

1.d4 d5 2.Nf3 c6 3.c4 e6 4.e3 Nf6 5.Nc3 Nbd7 6.Qc2 Bd6 7.Bd3 O-O 8.O-O Re8
9.Rd1 Qe7 10.c5 Bc7 11.e4 e5 12.exd5 e4 13.Nxe4 Nxe4 14.d6 Nxd6 15.cxd6 Qxd6
16.Bxh7+ Kf8 17.Bf5 Nf6 18.Bg5 Kg8 19.Re1 Bxf5 20.Qxf5 Nd5 21.a3 f6 22.Bd2 Bb6
23.Qh5 Qd7 24.Rad1 Rad8 25.h4 Ne7 26.Bc3 Nd5 27.g3 Bc7 28.Nd2 Re7 29.Nb3 b6
30.Rxe7 Nxe7 31.Qf3 Nd5 32.Re1 Bd6 33.Nd2 a5 34.Nc4 Bf8 35.Qe4 Nxc3 36.bxc3 a4
37.Nxb6 Qa7 38.Qxc6 Rd6 39.Qc4+ Kh7 40.Nc8 Qxd4 41.cxd4  1-0